1934 1968 1292 1251 1126 1408 1121 1224 1637 1941 1974 1288 1365 1471 1425 1225 1061 1786 1884 1042 1682 1022 1707 1656 1452 1594 1489 1746 1828 1421 1396 1612 1839 1811 1434 1732 1304 1919 1001 1355 1171 1880 1832 1514 1843 1913 1582 1697 1923 1142 1361 1472 1628 1677 1966 1083 1982 1798 1590 1472 1247 1672 1910 1250 1876 1188 1266 1902 1051 1524 1611 1154 1571 1405 1265 1594 1262 1342 1634 1004 1984 1746 1853 1143 1226 1922 1275 1429 1029 1007 1711 1807 1868 1144 1741 1010 1341 1975 1404 BCNSPRNW ULIB Ver.6.0+V

เปลี่ยนเป็นภาษาไทย

Change to English
 แสดงรายละเอียดบรรณานุกรม
  กลับหน้าหลัก

Brief Record : Get Marc (ISO 2709) : E-mail record : QR code < ปิดหน้าต่าง
LEADER : 00000nas 2200000uu 4500
001    13399114165
003     ULIB
008    020711s|||| th a 000 0 tha d
022    ^a19065681
110    ^aมหาวิทยาลัยนราธิวาสราชนครินทร์
245    ^aวารสารมหาวิทยาลัยนราธิวาสราชนครินทร์
260    ^aนราธิวาส :^bมหาวิทยาลัยนราธิวาสราชนครินทร์,^cม.ป.ป.
310    ^aรายสี่เดือน
850    ^aฉบับที่ 1 ปีที่ 4;ฉบับที่ 2 ปีที่ 4;ฉบับที่ 3 ปีที่ 4;ฉบับที่ 1 ปีที่ 5;ฉบับที่ 2 ปีที่ 5
945    ^p0^l0^i900189
945    ^p0^l0^i900490
945    ^p0^l0^i900953
945    ^p0^l0^i901157
945    ^p0^l0^i901456
999 ^a ทศพร
รายการนี้ยังไม่มีแท็ก
คุณยังไม่ได้ล็อกอิน คุณสามารถมีกิจกรรมร่วมกับเว็บไซต์ได้ แต่ต้องล็อกอินก่อน ::
  ล็อกอิน

รายการสื่อสารสนเทศ (วารสาร)

ดูแบบ: กล่อง รายการ
ARRIVED
ฉบับที่ 1 ปีที่ 4
สถานที่: ห้องสมุดวิทยาเขตสวรรค์ประชารักษ์ >วารสาร
ARRIVED
ฉบับที่ 2 ปีที่ 4
สถานที่: ห้องสมุดวิทยาเขตสวรรค์ประชารักษ์ >วารสาร
ARRIVED
ฉบับที่ 3 ปีที่ 4
สถานที่: ห้องสมุดวิทยาเขตสวรรค์ประชารักษ์ >หนังสือทั่วไป
ARRIVED
ฉบับที่ 1 ปีที่ 5
สถานที่: ห้องสมุดวิทยาเขตสวรรค์ประชารักษ์ >วารสาร
ARRIVED
ฉบับที่ 2 ปีที่ 5
สถานที่: ห้องสมุดวิทยาเขตสวรรค์ประชารักษ์ >วารสาร
รายการใกล้เคียง
    ผู้แต่ง []

BibComment


ยังไม่เคยถูกคอมเมนท์

คอมเมนท์ทรัพยากรรายการนี้
  คอมเมนท์: วารสารมหาวิทยาลั..


 Copyright 2026. Bcnsprnw @Library